000 00897nam a2200277 i 4500
003 EG-GICUC
005 20260402091401.0
008 260402s1946 sz ||||fr|||| 00| 0 fre d
040 _aEG-GiCUC
_bfre
_cEG-GiCUC
_dEG-GiCUC
_eRda
082 0 4 _221
_a341.23
_bBE . P
092 0 4 _221
099 _aLaw1 11 341.23 BE . P 1946
100 1 _aBerthoud,Jean-Louis
_eAuteur
245 _aPlans Et Accords Monétaires Des Nation Unies /
_cJean-Louis Berthoud .
264 1 _aNeuchâtel :
_bImprimerie Richéme ,
_c1946 .
300 _a132 page ;
_c24 cm.
336 _2rda contenu
_a texte
337 _2rda medias
_aOrdinateur
338 _2 transporteur rda
_a Ressource en ligne
546 _aTexte en français
650 _aDroit International Public
650 _aNations Unies
856 4 0 _uhttps://fll.law.cu.edu.eg/fulltext/bks/B11-05470.pdf
905 _a59
942 _2ddc
_n0
_cBK
_e21
999 _c68387
_d68387